| 000 | 00896nam a22002537a 4500 | ||
|---|---|---|---|
| 005 | 20170124103038.0 | ||
| 010 | _aA-457882 | ||
| 020 | _c45.00 | ||
| 035 | _aA-457882 | ||
| 037 | _bCen Lib/Ret | ||
| 040 |
_aDPL _bHN |
||
| 082 |
_aउ _bशौकत |
||
| 100 |
_aशौकत थानवी _966121 |
||
| 245 |
_aदल फेंक / _cशौकत थानवी |
||
| 246 |
_aDil phenk / _bby Shaukat Thanvi |
||
| 260 |
_aदिल्ली _bराष्ट्रभाषा संस्थान _c1990 |
||
| 270 |
_aC-८/174, यमुना विहार _bदिल्ली _e110053 |
||
| 300 |
_a248पृ. _c17सेमी (सजिल्द) |
||
| 650 |
_aउर्दू साहित्य _966122 |
||
| 650 |
_aउपन्यास _966123 |
||
| 650 |
_aUrdu literature _966124 |
||
| 650 |
_aFiction _98901 |
||
| 942 |
_2ddc _cHN _hउ _mशौकत |
||
| 999 |
_c116359 _d116359 |
||